Normal view
MARC view
- حضارة -- تاريخ -- العصورالوسطى
Entry Topical Term
001 - CONTROL NUMBER
- control field: 10509
003 - CONTROL NUMBER IDENTIFIER
- control field: JO-AjAnu
005 - DATE AND TIME OF LATEST TRANSACTION
- control field: 20230606072004.0
008 - FIXED-LENGTH DATA ELEMENTS
- fixed length control field: 230606|| aca||aabn | a|a d
040 ## - CATALOGING SOURCE
- Original cataloging agency: JO-AjAnu
- Transcribing agency: JO-AjAnu
150 ## - HEADING--TOPICAL TERM
- Topical term or geographic name entry element: حضارة -- تاريخ -- العصورالوسطى
670 ## - SOURCE DATA FOUND
- Source citation: Work cat.: (JO-AjAnu)5409: المغربي، محمد عبد القادر, author 10508, العصور الوسطى الاوروبية: رؤية في المصادر والنصوص التاريخية وعمليات التعليق والترجمة